| 000 | 00682cam a22002533a 4500 | ||
|---|---|---|---|
| 001 | 22693 | ||
| 003 | PGUSA | ||
| 005 | 20140828083501.0 | ||
| 008 | 070921s2007||||xxu|||||s|||||000 | eng d | ||
| 040 |
_aPGUSA _beng |
||
| 042 | _adc | ||
| 050 | 4 | _aPZ | |
| 100 | 1 | _aLang, Jeanie | |
| 245 | 1 | 2 |
_aA Book of Myths _h[electronic resource] / _cJeanie Lang |
| 260 |
_bProject Gutenberg, _c2007 |
||
| 506 | _aPublic domain in the USA. | ||
| 516 | _aElectronic text | ||
| 653 | _aMythology, Greek -- Juvenile literature | ||
| 653 | _aMythology | ||
| 700 | 1 | _aStratton, Helen | |
| 830 | 0 |
_aProject Gutenberg _v22693 |
|
| 856 | 4 | 0 | _uhttp://www.gutenberg.org/ebooks/22693 |
| 942 | _cEB | ||
| 999 |
_c251948 _d251948 |
||